| 000 | 00990nam a2200241Ia 4500 | ||
|---|---|---|---|
| 003 | OSt | ||
| 005 | 20200805104239.0 | ||
| 008 | 130821s1997 ck gr spa | ||
| 020 | _a9583501441 | ||
| 040 |
_aCO-JMCR _cCO-JMCR |
||
| 041 | 0 | _aspa | |
| 082 | 0 | 4 |
_a342.088 / _bT153r _223 |
| 100 | 1 |
_aTamayo Jaramillo, Javier, _eautor _98415 |
|
| 245 | 1 | 3 |
_aLa responsabilidad del estado : _bEl daño antijurídico (const. Pol., Art 90), en el riesgo excepcional y las actividades peligrosas / _cJavier Tamayo Jaramillo. |
| 260 |
_aBogotá : _bTemis, _c1997. |
||
| 300 |
_a182 páginas ; _c22 cm. |
||
| 504 | _aBibliografía: páginas 181-182. | ||
| 505 | 0 | _aFuentes de la responsabilidad del estado -- La responsabilidad del estado en la constitución de 1991 -- Las actividades peligrosas en la jurisprudencia del consejo de estado | |
| 650 | 2 | 4 |
_aResponsabilidad del gobierno _98416 |
| 650 | 2 | 4 |
_aOcupaciones peligrosas _98417 |
| 650 | 2 | 4 |
_aLey y legislación _98418 |
| 942 |
_2ddc _cBK |
||
| 999 |
_c6779 _d6779 |
||